[Event "Rated Blitz game"]
[Site "?"]
[Date "2021.01.14"]
[Round "?"]
[White "Hemoglobinski"]
[Black "Tayota"]
[Result "1-0"]
[WhiteElo "2485"]
[BlackElo "2448"]
[PlyCount "119"]
[EventDate "2021.??.??"]
[EventType "blitz"]

1. e4 e5 2. Nf3 d5 3. exd5 e4 4. Qe2 f5 5. d3 Nf6 6. dxe4 fxe4 7. Nbd2 Be7 8.
Nxe4 Nxe4 9. Qxe4 O-O 10. Bd3 Bf5 11. Qc4 Bd6 12. Bxf5 Rxf5 13. O-O Nd7 14. Re1
Qf8 15. Bg5 Ne5 16. Nxe5 Rxg5 17. f4 Rf5 18. g3 g5 19. Rf1 gxf4 20. gxf4 Re8
21. Nd3 Re2 22. Kh1 Qh6 23. Rg1+ Kf8 24. Rg2 Rxg2 25. Kxg2 Qg6+ 26. Kh1 Qh5 27.
Qe4 Qf7 28. c4 b6 29. Rg1 Bc5 30. Nxc5 bxc5 31. Rg4 h5 32. Rh4 Qf6 33. Qe1 Kf7
34. b3 c6 35. dxc6 Qxc6+ 36. Kg1 Rf6 37. Rh3 Re6 38. Qh4 Qe4 39. Qxh5+ Rg6+ 40.
Rg3 Qe1+ 41. Kg2 Qd2+ 42. Kh3 Qd7+ 43. f5 Qxf5+ 44. Qxf5+ Rf6 45. Qxf6+ Kxf6
46. Re3 a5 47. Rd3 a4 48. Rd5 axb3 49. axb3 Ke6 50. Rxc5 Kd6 51. Rd5+ Kc6 52.
Kg4 Kb6 53. h4 Ka6 54. h5 Kb6 55. h6 Kc6 56. h7 Kb6 57. h8=Q Kc6 58. Qh6+ Kc7
59. Qg7+ Kc8 60. Qf8+ {Time forfeit} 1-0

[Event "Rated Blitz tournament 7d95Dv0R"]
[Site "?"]
[Date "2021.01.14"]
[Round "?"]
[White "Warrior_5"]
[Black "KurzaLefski1948"]
[Result "1-0"]
[WhiteElo "2440"]
[BlackElo "2256"]
[PlyCount "95"]
[EventDate "2021.??.??"]
[EventType "blitz"]

1. e4 e5 2. Nf3 d5 3. exd5 e4 4. Qe2 Nf6 5. Nc3 Be7 6. Nxe4 O-O 7. d3 Qxd5 8.
Bd2 Nc6 9. Bc3 Bf5 10. Nfd2 Nd4 11. Bxd4 Qxd4 12. c3 Qd7 13. Qe3 Rfe8 14. Be2
Nd5 15. Qf3 Bg6 16. O-O f5 17. Ng3 f4 18. Nge4 b6 19. Rfe1 Bf7 20. a3 g5 21. h3
Kh8 22. d4 Bg6 23. Bd3 Bf6 24. Nxf6 Nxf6 25. Bxg6 hxg6 26. Nc4 Qd5 27. Qxd5
Nxd5 28. Ne5 Kg7 29. Kf1 Kh6 30. Rad1 Kg7 31. Re2 a6 32. Rde1 Re6 33. Nf3 Rxe2
34. Rxe2 Kf6 35. Re5 c6 36. Nxg5 a5 37. Ne4+ Kf7 38. Nd6+ Kg7 39. c4 Nf6 40.
Re7+ Kh6 41. Nf7+ Kh5 42. Ne5 b5 43. c5 b4 44. a4 Re8 45. Nxc6 Rxe7 46. Nxe7
Ne4 47. Ke2 Nd2 48. Kxd2 {Normal} 1-0

[Event "Rated Blitz game"]
[Site "?"]
[Date "2021.01.14"]
[Round "?"]
[White "JoeyFlorendo"]
[Black "pasha1984"]
[Result "1/2-1/2"]
[WhiteElo "2493"]
[BlackElo "2414"]
[PlyCount "90"]
[EventDate "2021.??.??"]
[EventType "blitz"]

1. e4 e5 2. Nf3 d5 3. Nc3 d4 4. Ne2 Bd6 5. d3 Ne7 6. Nd2 O-O 7. Nc4 Be6 8. Nxd6
cxd6 9. f4 exf4 10. Bxf4 d5 11. e5 Nbc6 12. Qd2 Ng6 13. Bg3 Ngxe5 14. Bxe5 Nxe5
15. Nxd4 Qh4+ 16. Qf2 Qxf2+ 17. Kxf2 Ng4+ 18. Kg3 Ne3 19. Re1 Nf5+ 20. Nxf5
Bxf5 21. Kf4 Be6 22. d4 Rac8 23. Bd3 Rfe8 24. Re5 f6 25. Rxe6 Rxe6 26. Bf5 Kf7
27. Bxe6+ Kxe6 28. Re1+ Kf7 29. c3 g6 30. h4 b5 31. a3 a5 32. Ra1 a4 33. Re1
Re8 34. Rxe8 Kxe8 35. g4 Kf7 36. Ke3 Ke6 37. Kf3 f5 38. g5 Kf7 39. Kf4 Ke6 40.
Kg3 Ke7 41. Kf3 Ke6 42. Kf4 Kd6 43. Kf3 Ke6 44. Kf4 Kd6 45. Kf3 Ke6 {Normal}
1/2-1/2

[Event "Rated Blitz game"]
[Site "?"]
[Date "2021.01.14"]
[Round "?"]
[White "RaschnRukk"]
[Black "Tayota"]
[Result "0-1"]
[WhiteElo "2476"]
[BlackElo "2429"]
[PlyCount "118"]
[EventDate "2021.??.??"]
[EventType "blitz"]

1. e4 e5 2. Nf3 d5 3. Nxe5 Qe7 4. d4 f6 5. Nd3 Nc6 6. c3 Bf5 7. Nc5 Bxe4 8.
Nxe4 dxe4 9. d5 Ne5 10. Qa4+ c6 11. Qxe4 cxd5 12. Bb5+ Nc6 13. Qxe7+ Ngxe7 14.
O-O O-O-O 15. Nd2 d4 16. Ne4 a6 17. Bc4 Ne5 18. Be6+ Kb8 19. Bf4 N7g6 20. Bg3
dxc3 21. bxc3 Ka7 22. Rab1 Ba3 23. Rb3 Rhe8 24. Rfb1 Rxe6 25. Rxa3 Rb6 26. Rab3
Rxb3 27. axb3 Rd3 28. f4 Ng4 29. h3 f5 30. Nf2 Rxg3 31. hxg4 fxg4 32. Kh2 Rxc3
33. f5 g3+ 34. Kg1 gxf2+ 35. Kxf2 Nh4 36. f6 gxf6 37. g3 Rc2+ 38. Ke3 Nf5+ 39.
Kf4 Rf2+ 40. Kg4 h5+ 41. Kh3 Nxg3 42. Kxg3 f5 43. Kh4 Rh2+ 44. Kg5 f4 45. Kxf4
Kb6 46. b4 Kb5 47. Kg3 Rc2 48. Kh4 Rc4+ 49. Kxh5 Rxb4 50. Rc1 a5 51. Kg5 a4 52.
Rc3 Rb3 53. Rc7 b6 54. Rc2 Kb4 55. Kf4 Rd3 56. Rc6 b5 57. Rd6 Rc3 58. Ke4 a3
59. Rd4+ Rc4 {Normal} 0-1

[Event "Rated Blitz game"]
[Site "?"]
[Date "2021.01.14"]
[Round "?"]
[White "Koenigsindisch"]
[Black "pasha1984"]
[Result "0-1"]
[WhiteElo "2509"]
[BlackElo "2413"]
[PlyCount "88"]
[EventDate "2021.??.??"]
[EventType "blitz"]

1. e4 e5 2. Nf3 d5 3. exd5 e4 4. Qe2 Nf6 5. d3 Qxd5 6. Nc3 Bb4 7. Nd2 Bxc3 8.
bxc3 Nc6 9. Nxe4 Be6 10. Nxf6+ gxf6 11. Qf3 Qe5+ 12. Kd2 O-O-O 13. Be2 Rhg8 14.
Qe3 Rxg2 15. Qxe5 Nxe5 16. Ke1 Rdg8 17. Bb2 Bd5 18. c4 Bf3 19. Bxe5 Bxe2 20.
Kxe2 fxe5 21. Ke3 f5 22. Rab1 R8g4 23. h3 Rd4 24. Rb5 Rf4 25. Rf1 Rh4 26. Rxe5
Rxh3+ 27. Ke2 f4 28. Rf5 Rg4 29. f3 Rg2+ 30. Rf2 Rxf2+ 31. Kxf2 Rh2+ 32. Kf1
Rxc2 33. Rxf4 Rxa2 34. Rf8+ Kd7 35. Rf7+ Kc6 36. Rxh7 a5 37. f4 a4 38. f5 Kd6
39. f6 a3 40. Rh8 Ra1+ 41. Kf2 Ra2+ 42. Kf3 Ke6 43. Rb8 Rb2 44. Ra8 a2 {
Time forfeit} 0-1

[Event "Rated Blitz tournament 2MLTtKig"]
[Site "?"]
[Date "2021.01.14"]
[Round "?"]
[White "joseMF"]
[Black "Mettigel"]
[Result "0-1"]
[WhiteElo "2314"]
[BlackElo "2472"]
[PlyCount "86"]
[EventDate "2021.??.??"]
[EventType "blitz"]

1. e4 e5 2. Nf3 d5 3. Nxe5 Bd6 4. d4 dxe4 5. Ng4 Nf6 6. Ne3 O-O 7. c4 c6 8. Nc3
Re8 9. Be2 Nbd7 10. a3 Nf8 11. b4 Ng6 12. Bb2 Nf4 13. Qc2 Bc7 14. O-O-O a5 15.
d5 axb4 16. axb4 Qe7 17. c5 N6xd5 18. Ncxd5 Nxd5 19. Nxd5 cxd5 20. Rxd5 Bf4+
21. Kb1 Be6 22. Bc4 Bxd5 23. Bxd5 Be5 24. Rd1 Bxb2 25. Kxb2 Qe5+ 26. Kb3 Rab8
27. Qc4 Qf4 28. f3 Qe3+ 29. Kb2 exf3 30. Bxf7+ Kh8 31. Bxe8 Rxe8 32. gxf3 Qxf3
33. Rd2 h6 34. Qd4 Ra8 35. Qd3 Qf6+ 36. Qc3 Qa6 37. Kc2 Qa2+ 38. Kd1 Qb1+ 39.
Ke2 Re8+ 40. Kf2 Rf8+ 41. Ke3 Re8+ 42. Kf2 Qe1+ 43. Kg2 Re2+ {Normal} 0-1

[Event "Rated Blitz game"]
[Site "?"]
[Date "2021.01.14"]
[Round "?"]
[White "Fivezero"]
[Black "Tayota"]
[Result "0-1"]
[WhiteElo "2420"]
[BlackElo "2429"]
[PlyCount "88"]
[EventDate "2021.??.??"]
[EventType "blitz"]

1. e4 e5 2. Nf3 d5 3. exd5 e4 4. Qe2 f5 5. d3 Nf6 6. dxe4 fxe4 7. Bg5 Be7 8.
Nfd2 O-O 9. Nc3 Bf5 10. O-O-O a6 11. f3 exf3 12. gxf3 b5 13. Rg1 Nbd7 14. Qf2
Bc5 15. Be3 Bxe3 16. Qxe3 Qe8 17. Qg5 Bg6 18. Bd3 Nc5 19. Bxg6 Qxg6 20. Qxg6
hxg6 21. Rxg6 Nh5 22. Nce4 Nd7 23. Rdg1 Rae8 24. Rxa6 Ne5 25. Ra5 Nf4 26. Kd1
Nxd5 27. Rxb5 c6 28. Rb7 Re7 29. Rxe7 Nxe7 30. Rg3 Nd5 31. c4 Ne3+ 32. Ke2
N3xc4 33. Nxc4 Nxc4 34. b3 Ne5 35. Rg5 Nxf3 36. Rc5 g6 37. Ke3 Nxh2 38. Rxc6
Kg7 39. Rc7+ Kh6 40. b4 Ng4+ 41. Kd4 Rd8+ 42. Kc4 Ne5+ 43. Kc5 Nd3+ 44. Kb6 Rd4
{Time forfeit} 0-1

[Event "Rated Blitz game"]
[Site "?"]
[Date "2021.01.14"]
[Round "?"]
[White "Bonus100"]
[Black "Tayota"]
[Result "1-0"]
[WhiteElo "2326"]
[BlackElo "2439"]
[PlyCount "45"]
[EventDate "2021.??.??"]
[EventType "blitz"]

1. e4 e5 2. Nf3 d5 3. Nxe5 Qe7 4. d4 f6 5. Nf3 dxe4 6. Nfd2 f5 7. Bc4 Nf6 8.
O-O Be6 9. Re1 Nc6 10. c3 O-O-O 11. Qb3 Bxc4 12. Nxc4 Kb8 13. a4 Qf7 14. a5 a6
15. Bf4 Nd5 16. Ne5 Nxe5 17. Bxe5 Bd6 18. Bxd6 Rxd6 19. Nd2 Qg6 20. Nc4 Nf4 21.
g3 Nd3 22. Nxd6 Nxe1 23. Qxb7# {Normal} 1-0

[Event "Rated Blitz game"]
[Site "?"]
[Date "2021.01.14"]
[Round "?"]
[White "Belgiumcat"]
[Black "Tayota"]
[Result "1-0"]
[WhiteElo "2488"]
[BlackElo "2386"]
[PlyCount "69"]
[EventDate "2021.??.??"]
[EventType "blitz"]

1. e4 e5 2. Nf3 d5 3. exd5 e4 4. Qe2 f5 5. d3 Nf6 6. dxe4 fxe4 7. Nc3 Bb4 8.
Qb5+ c6 9. dxc6 exf3 10. cxb7+ Bd7 11. Qxb4 Nc6 12. bxa8=Q Nxb4 13. Qxd8+ Kxd8
14. Bd3 fxg2 15. Rg1 Bc6 16. Be3 Bf3 17. Kd2 Kc7 18. Ne2 Rd8 19. Nd4 Ba8 20. f3
Nfd5 21. Rxg2 Nxe3 22. Rxg7+ Kb6 23. Kxe3 Nd5+ 24. Kf2 Nf4 25. Ne2 Nxd3+ 26.
cxd3 Rxd3 27. f4 Rf3+ 28. Ke1 Rh3 29. Rd1 Rxh2 30. Rd6+ Kc5 31. Re6 Bf3 32.
Rg5+ Kc4 33. Kd2 h5 34. Re3 Bg4 35. Re4# {Normal} 1-0

[Event "Rated Blitz game"]
[Site "?"]
[Date "2021.01.14"]
[Round "?"]
[White "Apjoshua"]
[Black "Yatatu408Empire"]
[Result "0-1"]
[WhiteElo "2424"]
[BlackElo "2416"]
[PlyCount "32"]
[EventDate "2021.??.??"]
[EventType "blitz"]

1. e4 e5 2. Nf3 d5 3. d3 Nc6 4. exd5 Qxd5 5. Nbd2 Nf6 6. Be2 Bc5 7. O-O O-O 8.
c3 Bf5 9. Qc2 Rad8 10. Ne1 a5 11. Kh1 e4 12. dxe4 Nxe4 13. Bf3 Nxf2+ 14. Rxf2
Bxc2 15. Bxd5 Bxf2 16. Nxc2 Rxd5 {Normal} 0-1

[Event "Rated Blitz tournament T78B2ZId"]
[Site "?"]
[Date "2021.01.14"]
[Round "?"]
[White "TheRealPietzsch"]
[Black "chessking5000"]
[Result "0-1"]
[WhiteElo "2347"]
[BlackElo "2415"]
[PlyCount "92"]
[EventDate "2021.??.??"]
[EventType "blitz"]

1. e4 e5 2. Nf3 d5 3. Nxe5 Bd6 4. d4 dxe4 5. Nc3 Nf6 6. Bg5 Bf5 7. Bc4 O-O 8.
O-O Nc6 9. Nxc6 bxc6 10. h3 Re8 11. Qd2 h6 12. Bf4 Rb8 13. Bb3 Nh5 14. Bxd6
cxd6 15. g4 Qh4 16. Qe3 Bxg4 17. hxg4 Qxg4+ 18. Kh2 Qh4+ 19. Qh3 Qxh3+ 20. Kxh3
Nf4+ 21. Kg4 g5 22. Rae1 d5 23. Ne2 Ng2 24. Rb1 Kg7 25. Ng3 Kg6 26. Ba4 h5+ 27.
Kh3 Nf4+ 28. Kh2 Rb6 29. c4 f5 30. c5 Ra6 31. b3 h4 32. Nh1 g4 33. Rbe1 Kg5 34.
Kg1 Nd3 35. Re3 Nb4 36. Re2 f4 37. f3 g3 38. fxe4 dxe4 39. Kg2 f3+ 40. Rxf3
exf3+ 41. Kxf3 Rxe2 42. Kxe2 g2 43. Nf2 g1=N+ 44. Kf1 Nf3 45. Kg2 Kf4 46. Nh3+
Ke3 {Normal} 0-1

[Event "Rated Blitz tournament zAAFgKhm"]
[Site "?"]
[Date "2021.01.14"]
[Round "?"]
[White "Glek_Igor"]
[Black "kassisov"]
[Result "1-0"]
[WhiteElo "2506"]
[BlackElo "2378"]
[PlyCount "59"]
[EventDate "2021.??.??"]
[EventType "blitz"]

1. e4 e5 2. Nf3 d5 3. exd5 e4 4. Qe2 Nf6 5. Ng5 Qxd5 6. d3 Be7 7. Nxe4 O-O 8.
Nbc3 Qd8 9. Bd2 Nc6 10. O-O-O Re8 11. f3 a6 12. g4 Bf8 13. g5 Nd5 14. f4 Nxc3
15. Bxc3 Bf5 16. Bg2 Qd7 17. Qf2 Bb4 18. Rhg1 Bxc3 19. bxc3 Ne7 20. Bf3 Qa4 21.
Kb2 Nd5 22. Nf6+ gxf6 23. gxf6+ Kh8 24. Bxd5 Qb5+ 25. Bb3 Be6 26. Rg5 Qb6 27.
Qh4 Bxb3 28. axb3 Qe6 29. Rdg1 Rg8 30. Qxh7+ {Normal} 1-0

[Event "Rated Blitz tournament zAAFgKhm"]
[Site "?"]
[Date "2021.01.14"]
[Round "?"]
[White "Kiborg1987"]
[Black "kassisov"]
[Result "1-0"]
[WhiteElo "2723"]
[BlackElo "2379"]
[PlyCount "85"]
[EventDate "2021.??.??"]
[EventType "blitz"]

1. e4 e5 2. Nf3 d5 3. exd5 e4 4. Ne5 Qxd5 5. d4 exd3 6. Nxd3 Nf6 7. Nc3 Qf5 8.
Bf4 c6 9. Qe2+ Be6 10. Qe5 Nbd7 11. Qxf5 Bxf5 12. O-O-O O-O-O 13. f3 Nb6 14. g4
Be6 15. h4 Bd6 16. Bxd6 Rxd6 17. g5 Nfd5 18. Ne4 Rdd8 19. Re1 Rhe8 20. Ndc5 Bf5
21. Bd3 Kc7 22. Ng3 Bxd3 23. Nxd3 g6 24. h5 Rxe1+ 25. Rxe1 Rd7 26. b3 Re7 27.
Rxe7+ Nxe7 28. Ne5 Nbd5 29. Nxf7 gxh5 30. Nxh5 Ng6 31. Kd2 Kd7 32. c4 Ndf4 33.
Nxf4 Nxf4 34. Ke3 Ng6 35. f4 Ke6 36. Nh6 Nh4 37. Ke4 a5 38. f5+ Ke7 39. Ng4 b5
40. Ne3 a4 41. Kf4 bxc4 42. bxc4 a3 43. Kg4 {Normal} 1-0

[Event "Rated Blitz game"]
[Site "?"]
[Date "2021.01.14"]
[Round "?"]
[White "Udar59"]
[Black "Yatatu408Empire"]
[Result "0-1"]
[WhiteElo "2320"]
[BlackElo "2430"]
[PlyCount "122"]
[EventDate "2021.??.??"]
[EventType "blitz"]

1. e4 e5 2. Nf3 d5 3. Nxe5 Bd6 4. d4 dxe4 5. Nc4 Nc6 6. d5 Ne5 7. Qd4 Nxc4 8.
Bxc4 Nf6 9. Nc3 O-O 10. Bg5 Re8 11. Bxf6 Qxf6 12. Qxf6 gxf6 13. O-O a6 14. Rfe1
f5 15. a4 Bd7 16. g3 Bc5 17. Kg2 Bd4 18. Ne2 Be5 19. c3 b5 20. axb5 axb5 21.
Bb3 b4 22. Nd4 Rab8 23. Ba4 Bxa4 24. Rxa4 bxc3 25. bxc3 Bxd4 26. Rxd4 Rb2 27.
Kg1 Re5 28. Kf1 Kg7 29. Re2 Rb3 30. Rc2 e3 31. fxe3 Rxe3 32. Rc4 Rd3 33. Rxc7
Rxd5 34. c4 Rdd3 35. c5 Rdc3 36. Rxc3 Rxc3 37. Kf2 Kf6 38. c6 Ke6 39. Rc8 Rc2+
40. Kf3 Rxh2 41. c7 Kd7 42. Rf8 Kxc7 43. Rxf7+ Kd6 44. Rxf5 Ke6 45. Rf4 Ra2 46.
Kg4 Ra5 47. Re4+ Kf6 48. Rf4+ Kg6 49. Rb4 Ra6 50. Kh4 Re6 51. g4 h6 52. Rc4 Rd6
53. Re4 Rb6 54. Re8 Rb1 55. Rg8+ Kf6 56. Rh8 Kg7 57. Kg3 Rb3+ 58. Kh4 Kxh8 59.
Kh5 Kh7 60. g5 Rb5 61. Kg4 Rxg5+ {Time forfeit} 0-1

[Event "Rated Blitz tournament zAAFgKhm"]
[Site "?"]
[Date "2021.01.14"]
[Round "?"]
[White "gameoverbro"]
[Black "Maltinho"]
[Result "1-0"]
[WhiteElo "2481"]
[BlackElo "2512"]
[PlyCount "59"]
[EventDate "2021.??.??"]
[EventType "blitz"]

1. e4 e5 2. Nf3 d5 3. exd5 Bd6 4. Bb5+ c6 5. dxc6 Nxc6 6. d3 Nge7 7. Nc3 O-O 8.
h3 Nd4 9. Bc4 Ng6 10. Nxd4 exd4 11. Ne4 Bc7 12. Bg5 Qd7 13. Qh5 b5 14. Bb3 a5
15. a4 Bb7 16. O-O Qf5 17. Qg4 Qe5 18. Ng3 h5 19. Qxh5 Nf4 20. Bxf4 Qxf4 21.
Qxb5 Rab8 22. Qf5 Qh6 23. Rae1 Kh8 24. Re7 Bd6 25. Rxf7 Rxf7 26. Qxf7 Bc6 27.
Nf5 Qg5 28. g4 Rf8 29. Nxd6 Qd8 30. Qh5# {Normal} 1-0

[Event "Rated Blitz game"]
[Site "?"]
[Date "2021.01.14"]
[Round "?"]
[White "ljdr"]
[Black "pasha1984"]
[Result "1-0"]
[WhiteElo "2441"]
[BlackElo "2419"]
[PlyCount "35"]
[EventDate "2021.??.??"]
[EventType "blitz"]

1. e4 e5 2. Nf3 d5 3. exd5 e4 4. Qe2 Nf6 5. d3 Qxd5 6. Nbd2 Be6 7. dxe4 Qh5 8.
Qb5+ Qxb5 9. Bxb5+ c6 10. Bd3 Nbd7 11. Nb3 O-O-O 12. Be3 b6 13. Bf4 Kb7 14.
O-O-O c5 15. Nbd2 Be7 16. h3 a6 17. a4 Kc6 18. Bxa6 {Normal} 1-0

[Event "Rated Blitz tournament 8xhen1VD"]
[Site "?"]
[Date "2021.01.14"]
[Round "?"]
[White "AmBreilbusch"]
[Black "DarthZannah"]
[Result "0-1"]
[WhiteElo "2238"]
[BlackElo "2430"]
[PlyCount "24"]
[EventDate "2021.??.??"]
[EventType "blitz"]

1. e4 e5 2. Nf3 d5 3. Nxe5 dxe4 4. d4 Nd7 5. Nxd7 Bxd7 6. Bc4 Bd6 7. Nc3 Nf6 8.
Bg5 O-O 9. Qe2 Re8 10. O-O-O h6 11. Bxf6 Qxf6 12. Nxe4 Qf4+ {Normal} 0-1

[Event "Rated Blitz game"]
[Site "?"]
[Date "2021.01.14"]
[Round "?"]
[White "Gabro_21"]
[Black "GrandeGila"]
[Result "0-1"]
[WhiteElo "2342"]
[BlackElo "2407"]
[PlyCount "105"]
[EventDate "2021.??.??"]
[EventType "blitz"]

1. e4 e5 2. Nf3 d5 3. exd5 e4 4. Qe2 Nf6 5. d3 Qxd5 6. Nc3 Bb4 7. Bd2 Bxc3 8.
Bxc3 O-O 9. O-O-O exf3 10. Qxf3 Bg4 11. Qxd5 Nxd5 12. f3 Nxc3 13. bxc3 Be6 14.
c4 Nc6 15. d4 Bf5 16. d5 Nb4 17. Rd2 Nxa2+ 18. Kb2 Nb4 19. g4 Bg6 20. h4 h5 21.
Rg1 Kh7 22. f4 hxg4 23. Rxg4 a5 24. c3 Na6 25. h5 Bxh5 26. Rh2 g6 27. f5 Nc5
28. Be2 Rae8 29. Bd1 Kg7 30. Rxh5 Rh8 31. Rxh8 Rxh8 32. fxg6 fxg6 33. Bc2 Rh2
34. Rxg6+ Kf7 35. d6 c6 36. Rg5 Nd7 37. Kc1 Kf6 38. Rf5+ Ke6 39. c5 Rxc2+ 40.
Kxc2 Kxf5 41. c4 Nxc5 42. Kc3 Ke6 43. Kd4 Kxd6 44. Kc3 b5 45. cxb5 cxb5 46. Kd4
a4 47. Kc3 Kd5 48. Kb4 Kd4 49. Kxb5 a3 50. Kb4 a2 51. Ka3 a1=Q+ 52. Kb4 Qb2+
53. Ka5 {Normal} 0-1

[Event "Rated Blitz game"]
[Site "?"]
[Date "2021.01.14"]
[Round "?"]
[White "rosagasa"]
[Black "Tayota"]
[Result "1-0"]
[WhiteElo "2638"]
[BlackElo "2434"]
[PlyCount "53"]
[EventDate "2021.??.??"]
[EventType "blitz"]

1. e4 e5 2. Nf3 d5 3. exd5 e4 4. Qe2 f5 5. d3 Nf6 6. dxe4 fxe4 7. c4 Be7 8. Ng5
O-O 9. Nc3 Bf5 10. Be3 h6 11. Ne6 Bxe6 12. dxe6 c6 13. g4 Na6 14. Bg2 Nb4 15.
O-O Qc8 16. a3 Na6 17. Nxe4 Qxe6 18. Nxf6+ Bxf6 19. Rad1 Rae8 20. Rfe1 Kh8 21.
h3 Qe5 22. b4 Nc7 23. f4 Qe7 24. g5 hxg5 25. Qh5+ Kg8 26. fxg5 Bc3 27. g6 {
Normal} 1-0

[Event "Rated Blitz game"]
[Site "?"]
[Date "2021.01.14"]
[Round "?"]
[White "n3chess"]
[Black "pasha1984"]
[Result "1-0"]
[WhiteElo "2424"]
[BlackElo "2413"]
[PlyCount "79"]
[EventDate "2021.??.??"]
[EventType "blitz"]

1. e4 e5 2. Nf3 d5 3. exd5 e4 4. Qe2 Nf6 5. d3 Qxd5 6. Nfd2 Nc6 7. Nc3 Qa5 8.
dxe4 Bg4 9. f3 Be6 10. Qb5 Qb4 11. a3 Qd6 12. Nc4 Bxc4 13. Bxc4 O-O-O 14. O-O
a6 15. Qf5+ Kb8 16. Be3 Nd4 17. Qg5 h6 18. e5 hxg5 19. exd6 Nxc2 20. dxc7+ Kxc7
21. Bxg5 Nxa1 22. Rxa1 Bd6 23. h4 Be5 24. Rc1 Kb8 25. Bxf7 Rd7 26. Be6 Rd6 27.
Bf5 Bg3 28. Ne2 Be5 29. b4 Ka8 30. a4 Nd5 31. b5 Bf6 32. bxa6 Rxa6 33. Be4 Bxg5
34. hxg5 Nb4 35. Rc7 Rb8 36. Rxg7 Rxa4 37. g6 Nc6 38. Rc7 Ne5 39. g7 Ra6 40.
Rxb7 {Normal} 1-0

[Event "Rated Blitz game"]
[Site "?"]
[Date "2021.01.14"]
[Round "?"]
[White "ahmedSulaimaniyah16"]
[Black "Tayota"]
[Result "1-0"]
[WhiteElo "2423"]
[BlackElo "2389"]
[PlyCount "33"]
[EventDate "2021.??.??"]
[EventType "blitz"]

1. e4 e5 2. Nf3 d5 3. Nc3 dxe4 4. Nxe4 f5 5. Ng3 e4 6. Ng1 Bc5 7. d3 Nf6 8. Be3
Bxe3 9. fxe3 O-O 10. Nh3 Ng4 11. Qd2 Qd6 12. O-O-O Nxh2 13. Nf4 Ng4 14. Qe2 Qe5
15. dxe4 fxe4 16. Qc4+ Kh8 17. Ng6# {Normal} 1-0

[Event "Rated Blitz game"]
[Site "?"]
[Date "2021.01.14"]
[Round "?"]
[White "PerpetuumChessPlayer"]
[Black "Yatatu408Empire"]
[Result "1-0"]
[WhiteElo "2397"]
[BlackElo "2409"]
[PlyCount "89"]
[EventDate "2021.??.??"]
[EventType "blitz"]

1. e4 e5 2. Nf3 d5 3. exd5 e4 4. Qe2 Be7 5. Qxe4 Nf6 6. Qa4+ c6 7. dxc6 O-O 8.
Be2 Nxc6 9. O-O a6 10. c3 b5 11. Qc2 Bg4 12. d4 Rc8 13. Qd1 Nd5 14. h3 Bf5 15.
a4 bxa4 16. Bxa6 Rb8 17. Qxa4 Qd6 18. Na3 Nf4 19. Bxf4 Qxf4 20. Qxc6 Bd6 21. g3
Qe4 22. Qxe4 Bxe4 23. Nd2 Bf5 24. Nac4 Bc7 25. Rfe1 Bxh3 26. d5 Rfd8 27. Re7
Bd6 28. Nxd6 Rxd6 29. Rae1 g6 30. Bc4 Rxb2 31. Ne4 Rd8 32. Nf6+ Kg7 33. Ne8+
Kh6 34. Rxf7 Rc2 35. Nf6 Rxc3 36. Rxh7+ Kg5 37. Ne4+ Kg4 38. Rh4+ Kf5 39. Rf4+
Ke5 40. Nxc3+ Kd6 41. Nb5+ Kc5 42. d6 g5 43. Rfe4 Bf5 44. Re5+ Kxc4 45. Rxf5 {
Normal} 1-0

[Event "Rated Blitz game"]
[Site "?"]
[Date "2021.01.14"]
[Round "?"]
[White "Quarantinemachine"]
[Black "batasjon"]
[Result "0-1"]
[WhiteElo "2457"]
[BlackElo "2380"]
[PlyCount "108"]
[EventDate "2021.??.??"]
[EventType "blitz"]

1. e4 e5 2. Nf3 d5 3. Nxe5 Bd6 4. d4 dxe4 5. Nc4 Nf6 6. Nxd6+ Qxd6 7. Nc3 O-O
8. g3 Nc6 9. Nb5 Qe7 10. Bf4 Nd5 11. Bc1 Rd8 12. Bg2 Qb4+ 13. Nc3 Nxc3 14. bxc3
Qxc3+ 15. Bd2 Qxd4 16. c3 Qd3 17. Qe2 Qxe2+ 18. Kxe2 Bg4+ 19. Ke1 f5 20. Bf4
Rd7 21. h3 Bh5 22. Rb1 Rad8 23. g4 fxg4 24. Bg5 Ne7 25. Bxe4 gxh3 26. f3 h6 27.
Be3 Nd5 28. Bd4 Re8 29. Rxh3 c5 30. Rxh5 cxd4 31. cxd4 Nf6 32. Re5 Rxd4 33.
Rxe8+ Nxe8 34. Rxb7 Nd6 35. Rxa7 Nxe4 36. fxe4 Rxe4+ 37. Kf2 Rb4 38. a4 Rb3 39.
a5 Ra3 40. a6 Kh7 41. Ra8 h5 42. Kg2 g5 43. Kh2 g4 44. Kg2 h4 45. a7 Ra2+ 46.
Kg1 g3 47. Rd8 Rxa7 48. Rd4 Ra1+ 49. Kg2 Ra2+ 50. Kh3 Rh2+ 51. Kg4 g2 52. Rd1
Rh1 53. Rd7+ Kg6 54. Rd8 g1=Q+ {Normal} 0-1

[Event "Rated Blitz game"]
[Site "?"]
[Date "2021.01.14"]
[Round "?"]
[White "JohnChapman"]
[Black "Tayota"]
[Result "0-1"]
[WhiteElo "2437"]
[BlackElo "2382"]
[PlyCount "114"]
[EventDate "2021.??.??"]
[EventType "blitz"]

1. e4 e5 2. Nf3 d5 3. exd5 e4 4. Qe2 f5 5. d3 Nf6 6. Nc3 Bb4 7. Bd2 Bxc3 8.
Bxc3 O-O 9. dxe4 Nxe4 10. Bd4 c5 11. dxc6 Nxc6 12. O-O-O Nxd4 13. Nxd4 Qc7 14.
f3 Nf6 15. Qc4+ Qxc4 16. Bxc4+ Kh8 17. Rhe1 a6 18. a4 b5 19. axb5 axb5 20. Nxb5
Ra1+ 21. Kd2 Rd8+ 22. Bd3 Rxd1+ 23. Rxd1 Ba6 24. Kc1 g6 25. Be2 Re8 26. Bf1 Nh5
27. Nc7 Bxf1 28. Nxe8 Bxg2 29. Rd3 Kg8 30. b4 Nf4 31. Ra3 Ne2+ 32. Kb2 Nd4 33.
c4 Nxf3 34. b5 Nd2 35. Ra4 Bf1 36. Kc3 Ne4+ 37. Kd4 Kf7 38. Nc7 Ke7 39. Nd5+
Kd7 40. Ra7+ Kd6 41. Rxh7 Nd2 42. Ne3 Be2 43. c5+ Ke6 44. b6 Nb3+ 45. Kc3 Nxc5
46. b7 Nxb7 47. Rxb7 Bf3 48. Rb6+ Ke5 49. Rxg6 Ke4 50. Kd2 f4 51. Ng4 Kf5 52.
Rg8 Bxg4 53. Ke1 Ke4 54. Kf2 Be6 55. h4 Bxg8 56. h5 Bh7 57. h6 f3 {Time forfeit
} 0-1

[Event "Rated Blitz game"]
[Site "?"]
[Date "2021.01.14"]
[Round "?"]
[White "vafin_niyaz"]
[Black "Tayota"]
[Result "0-1"]
[WhiteElo "2358"]
[BlackElo "2429"]
[PlyCount "152"]
[EventDate "2021.??.??"]
[EventType "blitz"]

1. e4 e5 2. Nf3 d5 3. exd5 e4 4. Qe2 f5 5. d3 Nf6 6. dxe4 fxe4 7. Nc3 Bb4 8.
Bd2 Bxc3 9. Bxc3 O-O 10. Nd4 c5 11. dxc6 Nxc6 12. O-O-O Qe7 13. Qc4+ Kh8 14.
Nxc6 bxc6 15. Bb4 c5 16. Bxc5 Qe8 17. Bxf8 Qxf8 18. Qc6 Bg4 19. Rd2 Rc8 20. Qa4
Bd7 21. Bb5 Bf5 22. Rhd1 h5 23. Qa5 e3 24. fxe3 Kh7 25. Ba6 Rc5 26. Qa4 Ne4 27.
Re2 Qf6 28. Bd3 Re5 29. Qd4 Qe7 30. Bxe4 Rxe4 31. Qc3 Qe6 32. b3 Bg4 33. Rde1
Bxe2 34. Rxe2 Qg4 35. Qd3 Kh6 36. h3 Qe6 37. Kb2 Qe5+ 38. Qc3 Qe6 39. Rf2 Rxe3
40. Qd2 Qe5+ 41. c3 Kh7 42. Qc2+ g6 43. Qd2 h4 44. Qd7+ Kh6 45. Qd2 g5 46. a4
a5 47. Qc2 Qe6 48. Rd2 Re1 49. Qd3 Kh5 50. Qd8 Qe5 51. Qd5 Qxd5 52. Rxd5 Re2+
53. Ka3 Rxg2 54. Rxa5 Rg3 55. Ra8 Rxc3 56. Rg8 Rxh3 57. a5 Rh1 58. a6 Ra1+ 59.
Kb4 Rxa6 60. Kc4 h3 61. b4 h2 62. Rh8+ Rh6 63. Rd8 h1=Q 64. Rd5 Qxd5+ 65. Kxd5
g4 66. Kc5 g3 67. b5 g2 68. Kb4 g1=Q 69. Ka5 Qa7+ 70. Kb4 Qb6 71. Kc4 Rf6 72.
Kd5 Rf4 73. Ke5 Qd4+ 74. Ke6 Rf6+ 75. Ke7 Qd6+ 76. Ke8 Rf8# {Normal} 0-1

[Event "Rated Blitz game"]
[Site "?"]
[Date "2021.01.14"]
[Round "?"]
[White "MityshevS"]
[Black "Yatatu408Empire"]
[Result "0-1"]
[WhiteElo "2360"]
[BlackElo "2427"]
[PlyCount "72"]
[EventDate "2021.??.??"]
[EventType "blitz"]

1. e4 e5 2. Nf3 d5 3. Nc3 dxe4 4. Nxe4 f5 5. Nc3 e4 6. Ne5 Qd4 7. Qh5+ g6 8.
Nxg6 hxg6 9. Qxg6+ Kd8 10. d3 Be7 11. dxe4 Qf6 12. Qg3 Bd6 13. Bf4 Bxf4 14.
Qxf4 fxe4 15. O-O-O+ Bd7 16. Qxe4 Kc8 17. Bb5 Bxb5 18. Nxb5 Qg5+ 19. Kb1 Qe7
20. Qd4 Nf6 21. Rhe1 Qf7 22. Qc5 Nc6 23. Qf5+ Kb8 24. g4 a6 25. Nc3 Rf8 26. g5
Nh5 27. Qg4 Ka7 28. h4 Qf3 29. Qxf3 Rxf3 30. Ne4 Re8 31. g6 Ng7 32. Rd5 Rf4 33.
f3 Rxf3 34. h5 Rxe4 35. Red1 Nxh5 36. Rxh5 Rg4 {Time forfeit} 0-1